Textbook of polymer science (Record no. 39237)

MARC details
000 -LEADER
fixed length control field 00518nam a2200205Ia 4500
082 ## - DEWEY DECIMAL CLASSIFICATION NUMBER
Classification number 678.7
Item number BIL
100 ## - MAIN ENTRY--AUTHOR NAME
Personal name Billmeyer, Fred W
245 #0 - TITLE STATEMENT
Title Textbook of polymer science
250 ## - EDITION STATEMENT
Edition statement Ed.3
260 ## - PUBLICATION, DISTRIBUTION, ETC. (IMPRINT)
Place of publication New York
Name of publisher John Wiley
Year of publication 1984
650 ## - SUBJECT ADDED ENTRY--TOPICAL TERM
Topical Term Elastomer technology
650 ## - SUBJECT ADDED ENTRY--TOPICAL TERM
Topical Term Fiber technology
650 ## - SUBJECT ADDED ENTRY--TOPICAL TERM
Topical Term Hydracarbon
650 ## - SUBJECT ADDED ENTRY--TOPICAL TERM
Topical Term Plastics technology
650 ## - SUBJECT ADDED ENTRY--TOPICAL TERM
Topical Term Polymer science
650 ## - SUBJECT ADDED ENTRY--TOPICAL TERM
Topical Term Polymerization
650 ## - SUBJECT ADDED ENTRY--TOPICAL TERM
Topical Term Rheology
942 ## - ADDED ENTRY ELEMENTS (KOHA)
Koha item type Books
Holdings
Withdrawn status Lost status Damaged status Not for loan Home library Current library Date acquired Cost, normal purchase price Full call number Accession Number Koha item type
        RRII Library RRII Library 16/12/2021 140.70 678.7 BIL 19581 Books